000 00291nam a2200133Ia 4500
100 _aLevin/R.I
942 _cBK
654 _aStatistics
245 _aStatistics for management
260 _bprentice hall
_aNew Delhi
_c1988
082 _a519.5088
_bLEV
300 _a890
546 _aENGLISH
999 _c32035
_d32035